000 01210nam a2200301 i 4500
003 EG-GICUC
005 20260121101154.0
008 251106s2005 ua ||||f |||| 00| 0 ara d
040 _a EG-GICUC
_bara
_c EG-GICUC
_d EG-GICUC
_erda
041 _aara
082 0 4 _221
_a345
_bم ح . ق
092 0 4 _221
099 _alaw1 07 345 م ح . ق 2005
100 0 _aمحمد فؤاد عبد الباسط
_eمؤلف.
245 _aالقانون الإداري :
_bتنظيم الإدارة , نشاط الإدارة , وسائل الإدارة /
_cدكتور محمد فؤاد عبد الباسط
264 _aالإسكندرية :
_bدار الجامعة الجديدة ,
_c2005.
300 _a625 صفحة
_c24 سم
336 _2rda content
_atext
337 _2rda media
_aComputer
338 _2rda carrier
_aOnline Resource
500 _aيشتمل علي ارجاعات ببليوجرافية
546 _aالنص أغلبه باللغة العربية بعض النصوص الإنجليزية والفرنسية
650 1 _aالقانون الإداري
_2qrmak
651 1 _2qrmak
856 4 0 _uhttps://fll.law.cu.edu.eg/fulltext/bks/B07-00623.pdf
905 _a74
942 _2ddc
_n0
_cBK
_e21
999 _c41586
_d41586